000 00459nam a2200181Ia 4500
001 3386
005 20260306145639.0
008 260306t1995||||xx |||||||||||||| ||spa||
041 _aESP
082 _a270.98
_bC76B
100 _aSegunda Conferencia General del Episcopado Latinoamericano
_eAUT
245 0 _aMedellín:
_bconclusiones
260 _c1995
300 _a175 páginas :
_c16 cm.
650 _aGEN
654 _aCHU
942 _cLIB
_dJUS
_fJUS
_2ddc
_n
999 _c3386
_d3386